| 000 | 00793nam a22002657a 4500 | ||
|---|---|---|---|
| 001 | 000309 | ||
| 003 | DO-SdBNP | ||
| 005 | 20230518132902.0 | ||
| 007 | 000309 | ||
| 008 | 160623b 2008 sp | 00| 0 spa d | ||
| 020 | _a9788466322355 | ||
| 040 |
_aBPMSU _bspa _cBPMSU |
||
| 082 | 4 |
_a863.3 _bC419n 2008 _222 |
|
| 100 | 1 |
_aCervantes Saavedra, Miguel de, _d1547-1616. _935 |
|
| 245 | 1 | 0 |
_aNovelas ejemplares / _cMiguel de Cervantes. |
| 260 |
_aMadrid : _bPunto de Lectura, _c2008. |
||
| 300 |
_a647 p. ; _c19 cm. |
||
| 490 | 0 |
_aClásicos, _v11 |
|
| 500 | _3Incluye datos biográficos del autor en la contracubierta | ||
| 590 | _aInventariado, 2023/VM | ||
| 650 | 4 | _aNovela española | |
| 830 | 0 |
_pClásicos ; _n11 |
|
| 910 | _aLOPEREZ/ VMateo V. Control de calidad (BPMSU) | ||
| 942 |
_2ddc _cBK |
||
| 999 |
_c10544 _d10544 |
||